000 00477pam a2200181 i 4500
001 1271484
005 20241126114945.0
008 750925s1976 nyua b 001 0 eng
020 _a0124722776
050 0 0 _aQC23
_b.M36
082 0 0 _a530
100 1 _aMarion, Jerry B.
245 1 0 _aPhysics in the modern world /
_cJerry B. Marion.
260 _aNew York :
_bAcademic Press,
_cc1976.
300 _axii, 569 p. :
_bill. ;
_c24 cm.
650 0 _aPhysics.
942 _2lcc
_cBK
_n0
999 _c1558
_d1558